LEADER 02161nam0 22002531i 450 001 UON00425708 005 20231205104846.258 100 $a20130531d1665 |0itac50 ba 101 $alat 102 $aGB 140 $a||||||||| ||||||||| 200 1 $aAugustini Barbosae, I.V.D. Lusitani, Protonotarii Apostolici, olim S. Congregationis Indicis Consultoris, & insignis Ecclesia Vimaranensis Thesaurary maioris, Demum Episcopi Ugentini, et a Consiliss D. Philippi IV. Hispaniarum Regis Catholici: Pastoralis Solicitudinis sive De Officio, et Potestate parochi tripartita descriptio: Cuius partes singulas earumque materias, methodo nova, atque expedita pertractatas, sequens pagina declarabit. Ultima editio prioribus emendatior. Cum summariis, & indicibus locupletissimis / Augustinus Barbosa 210 $aLugduni$cSumptibus Philippi Borde, Laurentii Arnaud, Petri Borde, et Guill. Barbier$d1665 215 $a193 p.$eIndex Rerum$d34 cm 620 $aNL$dLeiden$3UONL003056 700 1$aBARBOSA$bAgostinho$3UONV216483$0233947 712 $aPhilippi Borde$3UONV280541$4650 801 $aIT$bSOL$c20240220$gRICA 856 4 $uhttp://next.unior.it/sebina/repository/catalogazione/documenti/Augustini Barbosae.pdf$zAugustini Barbosae_SiBA_Dig.Unior 899 $aSIBA - SISTEMA BIBLIOTECARIO DI ATENEO$2UONSI$uhttp://next.unior.it/sebina/repository/catalogazione/documenti/Augustini Barbosae.pdf 912 $aUON00425708 950 $aSIBA - SISTEMA BIBLIOTECARIO DI ATENEO$dSI RARI MC MC 022 3° PIANO - CORRIDOIO$eSI MR 66964 6 3° PIANO - CORRIDOIO 996 $aAugustini Barbosae, I.V.D. Lusitani, Protonotarii Apostolici, olim S. Congregationis Indicis Consultoris, & insignis Ecclesia Vimaranensis Thesaurary maioris, Demum Episcopi Ugentini, et a Consiliss D. Philippi IV. Hispaniarum Regis Catholici: Pastoralis Solicitudinis sive De Officio, et Potestate parochi tripartita descriptio: Cuius partes singulas earumque materias, methodo nova, atque expedita pertractatas, sequens pagina declarabit. Ultima editio prioribus emendatior. Cum summariis, & indicibus locupletissimis$91332987 997 $aUNIOR